Dermatoanthropology of Ethnic Skin and Hair

Dermatoanthropology of Ethnic Skin and Hair is a comprehensive text that extensively examines cutaneous disease in persons with skin of color. The breadth of knowledge in this book encompasses the wide scope of dermatologic disease with 26 distinct and unique chapters. It serves as a guide to the di...

Πλήρης περιγραφή

Λεπτομέρειες βιβλιογραφικής εγγραφής
Συγγραφή απο Οργανισμό/Αρχή: SpringerLink (Online service)
Άλλοι συγγραφείς: Vashi, Neelam A. (Επιμελητής έκδοσης), Maibach, Howard I. (Επιμελητής έκδοσης)
Μορφή: Ηλεκτρονική πηγή Ηλ. βιβλίο
Γλώσσα:English
Έκδοση: Cham : Springer International Publishing : Imprint: Springer, 2017.
Θέματα:
Διαθέσιμο Online:Full Text via HEAL-Link
LEADER 03736nam a22004215i 4500
001 978-3-319-53961-4
003 DE-He213
005 20170606155954.0
007 cr nn 008mamaa
008 170606s2017 gw | s |||| 0|eng d
020 |a 9783319539614  |9 978-3-319-53961-4 
024 7 |a 10.1007/978-3-319-53961-4  |2 doi 
040 |d GrThAP 
050 4 |a RL1-803 
072 7 |a MJK  |2 bicssc 
072 7 |a MED017000  |2 bisacsh 
082 0 4 |a 616.5  |2 23 
245 1 0 |a Dermatoanthropology of Ethnic Skin and Hair  |h [electronic resource] /  |c edited by Neelam A. Vashi, Howard I. Maibach. 
264 1 |a Cham :  |b Springer International Publishing :  |b Imprint: Springer,  |c 2017. 
300 |a XIV, 492 p. 58 illus., 56 illus. in color.  |b online resource. 
336 |a text  |b txt  |2 rdacontent 
337 |a computer  |b c  |2 rdamedia 
338 |a online resource  |b cr  |2 rdacarrier 
347 |a text file  |b PDF  |2 rda 
505 0 |a 1. The Anthropology of Skin Colors: An Examination of the Evolution of Skin Pigmentation and the Concepts of Race and Skin of Color -- 2. The Impact of Skin and Hair Disease in Ethnic Skin -- 3. Biophysical Properties of Ethnic Skin -- 4. Differences in Skin Structure and Function in Ethnic Populations -- 5. Photosensitivity and Photoreactivity in Ethnic Skin -- 6. Stratum Corneum Lipids and Water-Holding Capacity -- 7. Physiologic Pigmentation -- 8. Mucosal Lesions in Skin of Color -- 9. Acne and Rosacea -- 10. Inflammatory Disorders -- 11. Tinea Versicolor and Tinea Capitis -- 12. Autoimmune and Connective Tissue Disease in Skin of Color -- 13. Disorders of Hyperpigmentation -- 14. Disorders of Hypopigmentation and Depigmentation -- 15. Keloids and Hypertrophic Scarring -- 16. Skin Cancer -- 17. Pediatric Dermatology -- 18. The Anthropology of Human Scalp Hair -- 19. Alopecias and Disorders of the Hair Follicle -- 20. Adnexal Disorders -- 21. Skin Aging in Individuals with Skin of Color -- 22. Common Cosmetic Concerns and Approaches -- 23. Treatment Strategies for Hyperpigmentation -- 24. Chemical Peels in Ethnic Skin -- 25. Laser Treatment in Ethnic Skin -- 26. Cultural Considerations. 
520 |a Dermatoanthropology of Ethnic Skin and Hair is a comprehensive text that extensively examines cutaneous disease in persons with skin of color. The breadth of knowledge in this book encompasses the wide scope of dermatologic disease with 26 distinct and unique chapters. It serves as a guide to the diagnosis and treatment of skin disorders for those populations with darker skin types. Vashi and Maibach’s Dermatoanthropology of Ethnic Skin and Hair provides an overview of medical, surgical, and cosmetic dermatology in addition to providing an extensive anthropological and basic science background to fully understand skin disorders in persons of color. Topics of discussion include anthropology of skin and hair, biophysical properties of ethnic skin, structure and function of the skin, physiologic pigmentation, mucosal lesions, acne, rosacea, inflammatory disorders, infections, autoimmune disorders, connective tissue disease, hyperpigmentation, hypopigmentation and depigmentation, keloids, scarring, pediatric disease, alopecias, adnexal disorders, common cosmetic concerns and treatments, and cultural considerations. 
650 0 |a Medicine. 
650 0 |a Dermatology. 
650 1 4 |a Medicine & Public Health. 
650 2 4 |a Dermatology. 
700 1 |a Vashi, Neelam A.  |e editor. 
700 1 |a Maibach, Howard I.  |e editor. 
710 2 |a SpringerLink (Online service) 
773 0 |t Springer eBooks 
776 0 8 |i Printed edition:  |z 9783319539607 
856 4 0 |u http://dx.doi.org/10.1007/978-3-319-53961-4  |z Full Text via HEAL-Link 
912 |a ZDB-2-SME 
950 |a Medicine (Springer-11650)